000 00805 a2200205 4500
010 _aENG-89424
020 _c3000.00
_a9788171886487
035 _aEN-72957
037 _bDBAD / PUB
082 1 4 _a301.153
090 _c10909
_d10909
245 1 _aGandhian way:
_bpeace, non-violence and empowerment/
_cedited by Anand Sharma
260 _aNew Delhi
_bAcademic Foundation
_c2007
270 _a4772-73/23 Bharat Ram Road, (23 Ansari Road), Darya Ganj,
_bNew Delhi
_e110002
_cDelhi
_k23245001
_macedmic@vsnl.com
300 _a320p.:
_c21 cm ( Hb.)
_bb&w, col.photos
500 _aCelebrating hundred years of 'Satyagraha' (1906-2006)
700 _aSharma, Anand
942 _adpl
_cEN
_k301.153/ GAN
999 _c10607
_d10607